[Event "European Women's Championship"]
[Site "Vysoke Tatry"]
[Date "2018.04.18"]
[Round "10"]
[White "Prudnykova, Olga"]
[Black "Ghukasyan, Siranush"]
[Result "1-0"]
[Board "48"]
[WhiteElo "2281"]
[WhiteTitle "WIM"]
[WhiteCountry "UKR"]
[WhiteFideId "14121093"]
[WhiteEloChange "8"]
[BlackElo "2195"]
[BlackTitle "WIM"]
[BlackCountry "ARM"]
[BlackFideId "13300946"]
[BlackEloChange "-8"]

1. b3 {[%clk 1:30:57]} e5 {[%clk 1:28:25]} 2. Bb2 {[%clk 1:31:22]} Nc6 {[%clk
1:28:46]} 3. e3 {[%clk 1:31:41]} g6 {[%clk 1:28:48]} 4. f4 {[%clk 1:30:07]} Bg7
{[%clk 1:20:54]} 5. Nf3 {[%clk 1:30:11]} d6 {[%clk 1:18:28]} 6. Bb5 {[%clk
1:23:05]} Ne7 {[%clk 1:16:10]} 7. fxe5 {[%clk 1:23:18]} O-O {[%clk 1:16:32]} 8.
Nc3 {[%clk 1:23:32]} dxe5 {[%clk 1:15:37]} 9. O-O {[%clk 1:22:32]} h6 {[%clk
1:12:57]} 10. Ba3 {[%clk 1:10:19]} Bd7 {[%clk 1:02:09]} 11. Qe1 {[%clk 1:04:49]}
a6 {[%clk 1:00:09]} 12. Bxc6 {[%clk 1:01:38]} Bxc6 {[%clk 0:59:28]} 13. e4 {[%clk
1:01:56]} Re8 {[%clk 0:59:19]} 14. Qg3 {[%clk 0:59:34]} Nc8 {[%clk 0:54:15]} 15.
Rf2 {[%clk 0:53:12]} Nd6 {[%clk 0:53:40]} 16. d3 {[%clk 0:53:32]} Qd7 {[%clk
0:52:37]} 17. Raf1 {[%clk 0:51:17]} Qe6 {[%clk 0:51:05]} 18. Nh4 {[%clk 0:46:24]}
Rf8 {[%clk 0:48:12]} 19. Nd1 {[%clk 0:45:54]} b6 {[%clk 0:33:59]} 20. Ne3 {[%clk
0:45:55]} h5 {[%clk 0:31:42]} 21. Nef5 {[%clk 0:37:58]} Rad8 {[%clk 0:08:57]} 22.
Nxg7 {[%clk 0:36:07]} Kxg7 {[%clk 0:08:56]} 23. Qg5 {[%clk 0:28:14]} Rde8 {[%clk
0:04:38]} 24. Bxd6 {[%clk 0:23:43]} cxd6 {[%clk 0:05:03]} 25. Rf6 {[%clk
0:24:10]} Qg4 {[%clk 0:04:51]} 26. Nf5+ {[%clk 0:24:33]} Kg8 {[%clk 0:05:01]} 27.
Nh6+ {[%clk 0:24:59]} 1-0

[Event "European Women's Championship"]
[Site "Vysoke Tatry"]
[Date "2018.04.18"]
[Round "10"]
[White "Kantane, Anna"]
[Black "Berke, Ana"]
[Result "1-0"]
[Board "49"]
[WhiteElo "2266"]
[WhiteTitle "WIM"]
[WhiteCountry "POL"]
[WhiteFideId "1135988"]
[WhiteEloChange "7"]
[BlackElo "2173"]
[BlackTitle "WIM"]
[BlackCountry "CRO"]
[BlackFideId "14510359"]
[BlackEloChange "-7"]

1. e4 {[%clk 1:30:58]} c5 {[%clk 1:30:54]} 2. Nf3 {[%clk 1:31:19]} Nc6 {[%clk
1:31:18]} 3. d4 {[%clk 1:31:42]} cxd4 {[%clk 1:31:43]} 4. Nxd4 {[%clk 1:32:04]}
Qb6 {[%clk 1:32:09]} 5. Nb3 {[%clk 1:32:23]} Nf6 {[%clk 1:32:24]} 6. Nc3 {[%clk
1:32:44]} e6 {[%clk 1:32:47]} 7. Qe2 {[%clk 1:33:09]} Bb4 {[%clk 1:32:05]} 8. Bd2
{[%clk 1:33:31]} O-O {[%clk 1:30:41]} 9. a3 {[%clk 1:33:55]} Be7 {[%clk 1:30:18]}
10. O-O-O {[%clk 1:34:16]} d5 {[%clk 1:29:43]} 11. exd5 {[%clk 1:34:39]} exd5
{[%clk 1:29:05]} 12. Be3 {[%clk 1:35:01]} Qc7 {[%clk 1:27:19]} 13. h3 {[%clk
1:35:23]} Be6 {[%clk 1:24:27]} 14. g4 {[%clk 1:35:40]} Rfd8 {[%clk 1:23:16]} 15.
Nb5 {[%clk 1:21:32]} Qb8 {[%clk 1:17:04]} 16. f4 {[%clk 1:12:50]} Ne4 {[%clk
1:11:48]} 17. Rg1 {[%clk 0:59:11]} f6 {[%clk 1:05:56]} 18. N5d4 {[%clk 0:55:25]}
Bf7 {[%clk 1:02:43]} 19. h4 {[%clk 0:53:57]} a5 {[%clk 1:00:43]} 20. Nf5 {[%clk
0:53:57]} Bf8 {[%clk 1:00:12]} 21. g5 {[%clk 0:44:11]} fxg5 {[%clk 1:00:22]} 22.
hxg5 {[%clk 0:36:40]} Qc7 {[%clk 0:53:52]} 23. Nbd4 {[%clk 0:30:15]} Nxd4 {[%clk
0:48:12]} 24. Nxd4 {[%clk 0:30:25]} Rac8 {[%clk 0:44:15]} 25. Nb5 {[%clk
0:23:18]} Qd7 {[%clk 0:40:59]} 26. Qh2 {[%clk 0:21:41]} Bg6 {[%clk 0:38:15]} 27.
Nd4 {[%clk 0:17:29]} Bxa3 {[%clk 0:27:43]} 28. f5 {[%clk 0:09:57]} Bxf5 {[%clk
0:19:06]} 29. Nxf5 {[%clk 0:10:06]} Qxf5 {[%clk 0:07:45]} 30. Bh3 {[%clk
0:09:00]} Qf8 {[%clk 0:07:04]} 31. Be6+ {[%clk 0:08:48]} Kh8 {[%clk 0:06:10]} 32.
Qxh7+ {[%clk 0:08:41]} Kxh7 {[%clk 0:06:31]} 33. g6+ {[%clk 0:09:04]} 1-0

[Event "European Women's Championship"]
[Site "Vysoke Tatry"]
[Date "2018.04.18"]
[Round "10"]
[White "Kusenkova, Natallia"]
[Black "Ionescu, Irina"]
[Result "1/2-1/2"]
[Board "50"]
[WhiteElo "2134"]
[WhiteCountry "BLR"]
[WhiteFideId "13506501"]
[WhiteEloChange "3"]
[BlackElo "2247"]
[BlackTitle "WGM"]
[BlackCountry "ROU"]
[BlackFideId "1204750"]
[BlackEloChange "-3"]

1. d4 {[%clk 1:30:57]} Nf6 {[%clk 1:30:45]} 2. Nf3 {[%clk 1:31:11]} e6 {[%clk
1:30:46]} 3. c4 {[%clk 1:30:53]} Nc6 {[%clk 1:30:46]} 4. g3 {[%clk 1:29:29]} Bb4+
{[%clk 1:30:20]} 5. Bd2 {[%clk 1:29:11]} Qe7 {[%clk 1:29:45]} 6. a3 {[%clk
1:25:08]} Bxd2+ {[%clk 1:29:52]} 7. Nbxd2 {[%clk 1:23:50]} d6 {[%clk 1:29:38]} 8.
Bg2 {[%clk 1:22:51]} e5 {[%clk 1:28:40]} 9. d5 {[%clk 1:17:54]} Nb8 {[%clk
1:26:06]} 10. e4 {[%clk 1:15:51]} a5 {[%clk 1:22:35]} 11. b4 {[%clk 1:05:32]} O-O
{[%clk 1:13:35]} 12. O-O {[%clk 1:04:57]} Ne8 {[%clk 1:08:32]} 13. Qc2 {[%clk
0:56:33]} axb4 {[%clk 1:06:42]} 14. axb4 {[%clk 0:56:50]} Rxa1 {[%clk 1:07:07]}
15. Rxa1 {[%clk 0:57:16]} Na6 {[%clk 1:07:29]} 16. Qc3 {[%clk 0:53:02]} f5 {[%clk
0:58:54]} 17. exf5 {[%clk 0:50:25]} Bxf5 {[%clk 0:58:39]} 18. Nh4 {[%clk
0:44:36]} Bg4 {[%clk 0:56:19]} 19. Ne4 {[%clk 0:34:40]} Qf7 {[%clk 0:51:56]} 20.
h3 {[%clk 0:28:35]} Bd7 {[%clk 0:43:43]} 21. Nf3 {[%clk 0:23:54]} h6 {[%clk
0:44:03]} 22. Nfd2 {[%clk 0:23:27]} Kh8 {[%clk 0:40:22]} 23. Rf1 {[%clk 0:21:59]}
Qh5 {[%clk 0:33:14]} 24. Kh2 {[%clk 0:20:52]} g5 {[%clk 0:26:47]} 25. f3 {[%clk
0:16:10]} Ng7 {[%clk 0:24:37]} 26. c5 {[%clk 0:14:57]} Qf7 {[%clk 0:17:30]} 27.
cxd6 {[%clk 0:09:24]} cxd6 {[%clk 0:17:37]} 28. Nxd6 {[%clk 0:08:55]} Qxd5 {[%clk
0:16:54]} 29. N2e4 {[%clk 0:08:26]} Ne6 {[%clk 0:08:45]} 30. Rf2 {[%clk 0:08:49]}
Nd4 {[%clk 0:05:39]} 31. Bf1 {[%clk 0:08:54]} b5 {[%clk 0:05:13]} 32. f4 {[%clk
0:04:46]} Bc6 {[%clk 0:03:51]} 33. Bg2 {[%clk 0:03:49]} gxf4 {[%clk 0:03:25]} 34.
gxf4 {[%clk 0:03:54]} Rxf4 {[%clk 0:03:38]} 35. Rxf4 {[%clk 0:02:09]} exf4 {[%clk
0:04:03]} 36. Nf5 {[%clk 0:02:18]} f3 {[%clk 0:03:00]} 37. Qxd4+ {[%clk 0:01:04]}
Qxd4 {[%clk 0:03:21]} 38. Nxd4 {[%clk 0:01:31]} Bxe4 {[%clk 0:03:35]} 39. Bxf3
{[%clk 0:01:03]} Bxf3 {[%clk 0:03:39]} 40. Nxf3 {[%clk 0:31:30]} Kg7 {[%clk
0:32:17]} 41. Nd4 {[%clk 0:30:49]} Nxb4 {[%clk 0:30:54]} 1/2-1/2

[Event "European Women's Championship"]
[Site "Vysoke Tatry"]
[Date "2018.04.18"]
[Round "10"]
[White "Maltsevskaya, Aleksandra"]
[Black "Dwilewicz, Katarzyna"]
[Result "1-0"]
[Board "51"]
[WhiteElo "2237"]
[WhiteCountry "RUS"]
[WhiteFideId "24174041"]
[WhiteEloChange "3"]
[BlackElo "1967"]
[BlackTitle "WFM"]
[BlackCountry "POL"]
[BlackFideId "1148486"]
[BlackEloChange "-3"]

1. c4 {[%clk 1:30:56]} e6 {[%clk 1:30:50]} 2. Nf3 {[%clk 1:31:20]} Nf6 {[%clk
1:30:38]} 3. g3 {[%clk 1:31:43]} d5 {[%clk 1:31:02]} 4. Bg2 {[%clk 1:32:10]} dxc4
{[%clk 1:31:05]} 5. Qa4+ {[%clk 1:32:17]} Nbd7 {[%clk 1:30:54]} 6. Qxc4 {[%clk
1:32:41]} Bd6 {[%clk 1:29:38]} 7. d4 {[%clk 1:31:05]} O-O {[%clk 1:28:56]} 8. O-O
{[%clk 1:30:05]} a6 {[%clk 1:29:00]} 9. Qb3 {[%clk 1:29:04]} c5 {[%clk 1:25:34]}
10. Nc3 {[%clk 1:27:37]} Qe7 {[%clk 1:20:53]} 11. e4 {[%clk 1:25:00]} cxd4 {[%clk
1:20:10]} 12. Nxd4 {[%clk 1:24:17]} Nc5 {[%clk 1:15:17]} 13. Qc2 {[%clk 1:24:40]}
Rd8 {[%clk 1:07:49]} 14. Rd1 {[%clk 1:22:07]} h6 {[%clk 0:53:38]} 15. b4 {[%clk
1:07:56]} Ncd7 {[%clk 0:53:54]} 16. a3 {[%clk 1:08:21]} Nb6 {[%clk 0:52:07]} 17.
Qe2 {[%clk 1:04:23]} e5 {[%clk 0:47:39]} 18. Nf5 {[%clk 1:04:35]} Bxf5 {[%clk
0:48:06]} 19. exf5 {[%clk 1:04:59]} Rac8 {[%clk 0:47:36]} 20. Ne4 {[%clk
1:05:08]} Nxe4 {[%clk 0:44:36]} 21. Bxe4 {[%clk 1:03:22]} Nc4 {[%clk 0:44:52]}
22. f6 {[%clk 0:58:34]} Qxf6 {[%clk 0:45:17]} 23. Bxb7 {[%clk 0:59:01]} Rc7
{[%clk 0:18:55]} 24. Bxa6 {[%clk 0:59:22]} e4 {[%clk 0:19:09]} 25. Bxc4 {[%clk
0:43:42]} Qxa1 {[%clk 0:19:16]} 26. Bb2 {[%clk 0:43:45]} Qxd1+ {[%clk 0:18:46]}
27. Qxd1 {[%clk 0:44:10]} Rxc4 {[%clk 0:19:13]} 28. b5 {[%clk 0:44:15]} e3 {[%clk
0:10:44]} 29. fxe3 {[%clk 0:44:11]} Rcc8 {[%clk 0:09:05]} 30. Qg4 {[%clk
0:38:10]} Bf8 {[%clk 0:09:30]} 31. Bd4 {[%clk 0:38:37]} Ra8 {[%clk 0:04:44]} 32.
b6 {[%clk 0:38:54]} Rxa3 {[%clk 0:02:35]} 33. b7 {[%clk 0:39:18]} Rb3 {[%clk
0:02:27]} 34. Qc8 {[%clk 0:39:41]} Be7 {[%clk 0:02:44]} 35. Kg2 {[%clk 0:39:31]}
Kh7 {[%clk 0:02:19]} 36. Qc2+ {[%clk 0:39:55]} 1-0

[Event "European Women's Championship"]
[Site "Vysoke Tatry"]
[Date "2018.04.18"]
[Round "10"]
[White "Zhukova, Natalia"]
[Black "Ptacnikova, Lenka"]
[Result "0-1"]
[Board "52"]
[WhiteElo "2426"]
[WhiteTitle "GM"]
[WhiteCountry "UKR"]
[WhiteFideId "14101513"]
[WhiteEloChange "-8"]
[BlackElo "2198"]
[BlackTitle "WGM"]
[BlackCountry "ISL"]
[BlackFideId "305650"]
[BlackEloChange "16"]

1. c4 {[%clk 1:30:57]} e5 {[%clk 1:30:46]} 2. Nc3 {[%clk 1:31:13]} Nc6 {[%clk
1:31:06]} 3. Nf3 {[%clk 1:31:34]} Nf6 {[%clk 1:31:20]} 4. g3 {[%clk 1:31:49]} d5
{[%clk 1:31:37]} 5. cxd5 {[%clk 1:32:04]} Nxd5 {[%clk 1:32:04]} 6. Bg2 {[%clk
1:32:25]} Nb6 {[%clk 1:32:29]} 7. O-O {[%clk 1:32:38]} Be7 {[%clk 1:32:45]} 8. a3
{[%clk 1:32:53]} O-O {[%clk 1:32:32]} 9. b4 {[%clk 1:33:12]} Re8 {[%clk 1:31:12]}
10. d3 {[%clk 1:29:17]} Bf8 {[%clk 1:30:28]} 11. Be3 {[%clk 1:14:53]} Nd4 {[%clk
1:28:06]} 12. Nd2 {[%clk 1:04:19]} c6 {[%clk 1:06:22]} 13. Nde4 {[%clk 1:02:33]}
a5 {[%clk 0:55:47]} 14. Rb1 {[%clk 1:00:10]} axb4 {[%clk 0:55:06]} 15. axb4
{[%clk 1:00:35]} Bg4 {[%clk 0:46:20]} 16. h3 {[%clk 0:59:56]} Bh5 {[%clk
0:44:04]} 17. g4 {[%clk 0:56:40]} Bg6 {[%clk 0:41:03]} 18. Ng3 {[%clk 0:53:07]}
f6 {[%clk 0:24:51]} 19. b5 {[%clk 0:41:05]} Nd5 {[%clk 0:22:34]} 20. Nxd5 {[%clk
0:40:34]} cxd5 {[%clk 0:23:00]} 21. Bxd4 {[%clk 0:40:01]} exd4 {[%clk 0:23:26]}
22. Qb3 {[%clk 0:31:49]} Bf7 {[%clk 0:23:49]} 23. b6 {[%clk 0:32:11]} g6 {[%clk
0:08:34]} 24. Rfc1 {[%clk 0:31:25]} Ba3 {[%clk 0:02:54]} 25. Rc2 {[%clk 0:24:59]}
Kg7 {[%clk 0:01:05]} 26. Ra1 {[%clk 0:16:37]} Bd6 {[%clk 0:01:28]} 27. Rxa8
{[%clk 0:17:00]} Qxa8 {[%clk 0:01:56]} 28. Bxd5 {[%clk 0:17:21]} Bxg3 {[%clk
0:01:27]} 29. fxg3 {[%clk 0:11:43]} Qa5 {[%clk 0:01:41]} 30. e4 {[%clk 0:08:20]}
dxe3 {[%clk 0:00:41]} 31. Rc7 {[%clk 0:08:41]} e2 {[%clk 0:00:37]} 32. Rxf7+
{[%clk 0:08:39]} Kh8 {[%clk 0:00:58]} 33. Rxf6 {[%clk 0:08:28]} e1Q+ {[%clk
0:01:12]} 34. Kh2 {[%clk 0:08:54]} Re2+ {[%clk 0:01:14]} 35. Bg2 {[%clk 0:09:22]}
Rxg2+ {[%clk 0:01:29]} 36. Kxg2 {[%clk 0:09:49]} Qad2+ {[%clk 0:01:49]} 0-1

[Event "European Women's Championship"]
[Site "Vysoke Tatry"]
[Date "2018.04.18"]
[Round "10"]
[White "Hapala, Elisabeth"]
[Black "Michna, Marta"]
[Result "0-1"]
[Board "53"]
[WhiteElo "2091"]
[WhiteTitle "WFM"]
[WhiteCountry "AUT"]
[WhiteFideId "1622080"]
[WhiteEloChange "-3"]
[BlackElo "2367"]
[BlackTitle "WGM"]
[BlackCountry "GER"]
[BlackFideId "1106686"]
[BlackEloChange "3"]

1. e4 {[%clk 1:30:58]} d6 {[%clk 1:30:56]} 2. d4 {[%clk 1:31:24]} Nf6 {[%clk
1:31:22]} 3. Nc3 {[%clk 1:31:49]} Nbd7 {[%clk 1:31:44]} 4. f4 {[%clk 1:28:58]} e5
{[%clk 1:31:35]} 5. Nf3 {[%clk 1:28:39]} c6 {[%clk 1:19:07]} 6. Be2 {[%clk
1:17:09]} Qb6 {[%clk 1:15:15]} 7. O-O {[%clk 1:11:00]} Be7 {[%clk 1:15:24]} 8.
Kh1 {[%clk 1:10:46]} O-O {[%clk 1:15:22]} 9. a3 {[%clk 1:03:09]} a5 {[%clk
1:10:30]} 10. Be3 {[%clk 1:02:39]} Ng4 {[%clk 1:09:32]} 11. Bg1 {[%clk 1:02:00]}
exf4 {[%clk 1:09:37]} 12. Qd2 {[%clk 0:58:01]} Ne3 {[%clk 1:07:52]} 13. Bxe3
{[%clk 0:57:15]} fxe3 {[%clk 1:08:19]} 14. Qxe3 {[%clk 0:57:40]} Bf6 {[%clk
1:02:04]} 15. Bc4 {[%clk 0:45:55]} Ne5 {[%clk 0:53:29]} 16. Nxe5 {[%clk 0:40:14]}
dxe5 {[%clk 0:53:42]} 17. Rxf6 {[%clk 0:33:04]} gxf6 {[%clk 0:53:35]} 18. Qg3+
{[%clk 0:25:34]} Kh8 {[%clk 0:53:57]} 19. dxe5 {[%clk 0:25:48]} Qc5 {[%clk
0:51:34]} 20. exf6 {[%clk 0:17:27]} Rg8 {[%clk 0:51:59]} 21. Qd3 {[%clk 0:17:51]}
Qg5 {[%clk 0:47:53]} 22. Qf3 {[%clk 0:17:15]} b5 {[%clk 0:43:17]} 23. Bxf7 {[%clk
0:09:10]} Rf8 {[%clk 0:43:43]} 24. Bb3 {[%clk 0:08:00]} Rxf6 {[%clk 0:43:51]} 25.
Qd3 {[%clk 0:07:42]} Bg4 {[%clk 0:42:53]} 26. Re1 {[%clk 0:04:09]} Raf8 {[%clk
0:40:53]} 27. Kg1 {[%clk 0:03:30]} Qc5+ {[%clk 0:40:27]} 28. Kh1 {[%clk 0:03:55]}
Qf2 {[%clk 0:39:26]} 29. Rg1 {[%clk 0:04:08]} a4 {[%clk 0:35:03]} 30. Ba2 {[%clk
0:04:30]} Rh6 {[%clk 0:33:38]} 31. Ra1 {[%clk 0:03:50]} Rh3 {[%clk 0:33:24]} 0-1

[Event "European Women's Championship"]
[Site "Vysoke Tatry"]
[Date "2018.04.18"]
[Round "10"]
[White "Sliwicka, Alicja"]
[Black "Chernyak, Viktoria"]
[Result "1/2-1/2"]
[Board "54"]
[WhiteElo "2329"]
[WhiteTitle "WFM"]
[WhiteCountry "POL"]
[WhiteFideId "1150677"]
[WhiteEloChange "-4"]
[BlackElo "2196"]
[BlackTitle "WFM"]
[BlackCountry "RUS"]
[BlackFideId "24165956"]
[BlackEloChange "4"]

1. e4 {[%clk 1:30:57]} e6 {[%clk 1:30:55]} 2. d4 {[%clk 1:31:22]} d5 {[%clk
1:31:22]} 3. Nc3 {[%clk 1:31:45]} Bb4 {[%clk 1:31:47]} 4. Qd3 {[%clk 1:32:09]}
Ne7 {[%clk 1:30:47]} 5. Bd2 {[%clk 1:32:15]} b6 {[%clk 1:28:34]} 6. Nge2 {[%clk
1:32:06]} Ba6 {[%clk 1:23:36]} 7. Qf3 {[%clk 1:32:12]} dxe4 {[%clk 1:19:16]} 8.
Qxe4 {[%clk 1:31:40]} Nd7 {[%clk 1:18:40]} 9. O-O-O {[%clk 1:29:26]} Nf6 {[%clk
1:18:47]} 10. Qf3 {[%clk 1:28:06]} Qc8 {[%clk 1:14:45]} 11. Ng3 {[%clk 1:10:11]}
Bb7 {[%clk 1:07:55]} 12. Qd3 {[%clk 1:10:17]} Ned5 {[%clk 1:05:05]} 13. Nxd5
{[%clk 1:08:10]} Bxd2+ {[%clk 1:04:53]} 14. Qxd2 {[%clk 1:07:45]} Bxd5 {[%clk
1:02:58]} 15. c4 {[%clk 1:03:40]} Bb7 {[%clk 1:02:16]} 16. Qb4 {[%clk 1:02:51]}
Qd7 {[%clk 0:58:58]} 17. d5 {[%clk 0:57:25]} O-O-O {[%clk 0:56:39]} 18. Bd3
{[%clk 0:54:45]} Kb8 {[%clk 0:56:18]} 19. dxe6 {[%clk 0:51:59]} Qxe6 {[%clk
0:55:19]} 20. Rhe1 {[%clk 0:50:34]} Qg4 {[%clk 0:55:12]} 21. f3 {[%clk 0:46:23]}
Qg5+ {[%clk 0:51:51]} 22. Qd2 {[%clk 0:44:40]} Qc5 {[%clk 0:49:56]} 23. Qc3
{[%clk 0:41:07]} Rhe8 {[%clk 0:46:53]} 24. Rxe8 {[%clk 0:36:34]} Nxe8 {[%clk
0:39:33]} 25. Kc2 {[%clk 0:35:12]} h5 {[%clk 0:33:38]} 26. Re1 {[%clk 0:32:18]}
h4 {[%clk 0:25:14]} 27. Ne4 {[%clk 0:30:47]} Qh5 {[%clk 0:23:11]} 28. Nf2 {[%clk
0:27:18]} Qg5 {[%clk 0:20:26]} 29. Ng4 {[%clk 0:26:31]} h3 {[%clk 0:19:52]} 30.
g3 {[%clk 0:25:45]} f6 {[%clk 0:18:01]} 31. Qd2 {[%clk 0:15:23]} Qxd2+ {[%clk
0:14:50]} 32. Kxd2 {[%clk 0:15:48]} Bxf3 {[%clk 0:13:32]} 33. Nf2 {[%clk
0:16:11]} Nd6 {[%clk 0:09:48]} 34. Kc3 {[%clk 0:16:26]} Bg2 {[%clk 0:09:45]} 35.
Re7 {[%clk 0:14:07]} g5 {[%clk 0:07:58]} 36. b4 {[%clk 0:10:42]} f5 {[%clk
0:03:10]} 37. c5 {[%clk 0:10:45]} bxc5 {[%clk 0:03:35]} 38. bxc5 {[%clk 0:11:11]}
Ne4+ {[%clk 0:03:18]} 39. Nxe4 {[%clk 0:10:45]} fxe4 {[%clk 0:02:41]} 40. Bxe4
{[%clk 0:41:00]} c6 {[%clk 0:30:57]} 41. Bd3 {[%clk 0:38:28]} Rd5 {[%clk
0:25:08]} 1/2-1/2

[Event "European Women's Championship"]
[Site "Vysoke Tatry"]
[Date "2018.04.18"]
[Round "10"]
[White "Smirnova, Ekaterina"]
[Black "Martynkova, Olena"]
[Result "1/2-1/2"]
[Board "55"]
[WhiteElo "2153"]
[WhiteTitle "WFM"]
[WhiteCountry "RUS"]
[WhiteFideId "4110943"]
[WhiteEloChange "4"]
[BlackElo "2280"]
[BlackTitle "WIM"]
[BlackCountry "UKR"]
[BlackFideId "14134039"]
[BlackEloChange "-4"]

1. d4 {[%clk 1:30:56]} Nf6 {[%clk 1:30:48]} 2. c4 {[%clk 1:31:21]} g6 {[%clk
1:31:03]} 3. Nc3 {[%clk 1:31:45]} Bg7 {[%clk 1:31:19]} 4. e4 {[%clk 1:32:08]} d6
{[%clk 1:31:28]} 5. Be2 {[%clk 1:32:30]} O-O {[%clk 1:31:27]} 6. Bg5 {[%clk
1:32:55]} Na6 {[%clk 1:31:11]} 7. f4 {[%clk 1:33:17]} c6 {[%clk 1:31:15]} 8. Qd2
{[%clk 1:31:41]} Nc7 {[%clk 1:29:31]} 9. Bf3 {[%clk 1:31:20]} Ne6 {[%clk
1:27:25]} 10. Nge2 {[%clk 1:27:47]} Nxg5 {[%clk 1:21:40]} 11. fxg5 {[%clk
1:28:10]} Nd7 {[%clk 1:21:57]} 12. O-O {[%clk 1:14:54]} c5 {[%clk 1:19:21]} 13.
dxc5 {[%clk 1:14:12]} Ne5 {[%clk 1:10:42]} 14. cxd6 {[%clk 1:06:49]} Nxc4 {[%clk
1:08:17]} 15. Qd3 {[%clk 1:04:25]} Ne5 {[%clk 1:01:10]} 16. Qd2 {[%clk 0:59:54]}
exd6 {[%clk 0:57:25]} 17. Rab1 {[%clk 0:39:20]} Be6 {[%clk 0:51:57]} 18. Nd5
{[%clk 0:37:11]} Nc4 {[%clk 0:43:41]} 19. Qb4 {[%clk 0:36:05]} Bxd5 {[%clk
0:38:12]} 20. exd5 {[%clk 0:36:33]} b5 {[%clk 0:37:09]} 21. Rfd1 {[%clk 0:20:20]}
Qxg5 {[%clk 0:33:25]} 22. b3 {[%clk 0:19:45]} a5 {[%clk 0:28:54]} 23. Qe1 {[%clk
0:20:07]} Ne5 {[%clk 0:26:55]} 24. Nd4 {[%clk 0:16:59]} Rfe8 {[%clk 0:24:58]} 25.
Qd2 {[%clk 0:15:21]} Qxd2 {[%clk 0:20:54]} 26. Rxd2 {[%clk 0:15:49]} Bh6 {[%clk
0:20:08]} 27. Rdd1 {[%clk 0:16:05]} Be3+ {[%clk 0:19:46]} 28. Kf1 {[%clk
0:16:08]} Bxd4 {[%clk 0:17:49]} 29. Rxd4 {[%clk 0:16:36]} Nxf3 {[%clk 0:14:04]}
30. gxf3 {[%clk 0:17:04]} Re3 {[%clk 0:14:23]} 31. Kf2 {[%clk 0:15:41]} Rae8
{[%clk 0:14:22]} 32. a4 {[%clk 0:12:42]} b4 {[%clk 0:12:53]} 33. Rc1 {[%clk
0:08:39]} Rxb3 {[%clk 0:08:30]} 34. Rc6 {[%clk 0:09:08]} Ra3 {[%clk 0:05:00]} 35.
Rxd6 {[%clk 0:09:30]} Rb8 {[%clk 0:03:41]} 36. Rd7 {[%clk 0:06:40]} Ra2+ {[%clk
0:01:57]} 37. Kg3 {[%clk 0:05:26]} b3 {[%clk 0:02:05]} 38. Rf4 {[%clk 0:05:39]}
f5 {[%clk 0:00:42]} 39. Rc4 {[%clk 0:05:19]} Rc2 {[%clk 0:00:40]} 40. Rxc2 {[%clk
0:35:33]} bxc2 {[%clk 0:31:07]} 41. Rc7 {[%clk 0:35:59]} Rd8 {[%clk 0:30:00]} 42.
Rxc2 {[%clk 0:35:58]} Rxd5 {[%clk 0:28:25]} 43. Rc8+ {[%clk 0:36:23]} Kg7 {[%clk
0:25:57]} 44. Rc7+ {[%clk 0:35:47]} Kh6 {[%clk 0:25:53]} 45. Ra7 {[%clk 0:36:11]}
Kg5 {[%clk 0:20:26]} 46. Rxh7 {[%clk 0:21:56]} Rd4 {[%clk 0:16:56]} 47. f4+
{[%clk 0:17:44]} Kf6 {[%clk 0:17:10]} 48. Ra7 {[%clk 0:18:05]} Rxa4 {[%clk
0:16:52]} 49. h3 {[%clk 0:17:16]} Ra3+ {[%clk 0:16:09]} 50. Kh4 {[%clk 0:17:36]}
Ra1 {[%clk 0:13:46]} 51. Ra6+ {[%clk 0:17:35]} Kg7 {[%clk 0:13:47]} 52. Kg5
{[%clk 0:17:15]} Rg1+ {[%clk 0:04:42]} 53. Kh4 {[%clk 0:17:44]} a4 {[%clk
0:02:55]} 54. Rxa4 {[%clk 0:17:14]} Kh6 {[%clk 0:03:03]} 55. Ra6 {[%clk 0:16:22]}
Rf1 {[%clk 0:03:10]} 56. Kg3 {[%clk 0:09:15]} Re1 {[%clk 0:03:10]} 57. Ra3 {[%clk
0:08:51]} Re4 {[%clk 0:03:15]} 58. Rb3 {[%clk 0:07:39]} Rc4 {[%clk 0:03:06]} 59.
Ra3 {[%clk 0:07:54]} Kh5 {[%clk 0:03:17]} 60. Ra8 {[%clk 0:07:47]} Rc3+ {[%clk
0:03:29]} 61. Kg2 {[%clk 0:08:11]} Kh6 {[%clk 0:03:28]} 62. Rh8+ {[%clk 0:08:16]}
Kg7 {[%clk 0:03:51]} 63. Ra8 {[%clk 0:08:41]} Kf6 {[%clk 0:03:21]} 64. Ra6+
{[%clk 0:09:03]} Kf7 {[%clk 0:03:47]} 65. Rb6 {[%clk 0:09:04]} Re3 {[%clk
0:03:48]} 66. Ra6 {[%clk 0:09:10]} Rb3 {[%clk 0:02:57]} 67. Rc6 {[%clk 0:09:29]}
1/2-1/2

[Event "European Women's Championship"]
[Site "Vysoke Tatry"]
[Date "2018.04.18"]
[Round "10"]
[White "Petrenko, Svetlana"]
[Black "Paramzina, Anastasya"]
[Result "1-0"]
[Board "56"]
[WhiteElo "2178"]
[WhiteTitle "IM"]
[WhiteCountry "MDA"]
[WhiteFideId "13900196"]
[WhiteEloChange "13"]
[BlackElo "2271"]
[BlackTitle "WGM"]
[BlackCountry "RUS"]
[BlackFideId "4165012"]
[BlackEloChange "-13"]

1. e4 {[%clk 1:30:58]} c5 {[%clk 1:30:58]} 2. Nf3 {[%clk 1:31:22]} d6 {[%clk
1:31:25]} 3. d4 {[%clk 1:31:30]} cxd4 {[%clk 1:31:51]} 4. Nxd4 {[%clk 1:31:56]}
Nf6 {[%clk 1:32:17]} 5. Nc3 {[%clk 1:32:22]} a6 {[%clk 1:32:43]} 6. g3 {[%clk
1:32:31]} Nc6 {[%clk 1:31:46]} 7. Bg2 {[%clk 1:29:54]} Bd7 {[%clk 1:31:58]} 8.
O-O {[%clk 1:28:12]} g6 {[%clk 1:31:38]} 9. h3 {[%clk 1:23:28]} Bg7 {[%clk
1:30:54]} 10. Be3 {[%clk 1:23:47]} O-O {[%clk 1:31:15]} 11. Nxc6 {[%clk 1:16:42]}
bxc6 {[%clk 1:24:12]} 12. Qd2 {[%clk 1:09:18]} Rb8 {[%clk 1:22:17]} 13. Rab1
{[%clk 1:05:49]} Qc8 {[%clk 1:05:33]} 14. g4 {[%clk 1:00:48]} h5 {[%clk 1:04:46]}
15. f3 {[%clk 0:57:27]} Kh7 {[%clk 1:00:37]} 16. g5 {[%clk 0:54:55]} Ne8 {[%clk
1:00:32]} 17. h4 {[%clk 0:54:35]} Bh3 {[%clk 0:58:55]} 18. Na4 {[%clk 0:46:22]}
c5 {[%clk 0:55:01]} 19. c4 {[%clk 0:46:21]} Bxg2 {[%clk 0:51:52]} 20. Kxg2 {[%clk
0:46:28]} f5 {[%clk 0:48:46]} 21. Qd3 {[%clk 0:40:54]} Nc7 {[%clk 0:41:23]} 22.
exf5 {[%clk 0:35:15]} Rxf5 {[%clk 0:41:16]} 23. Nc3 {[%clk 0:35:10]} Qb7 {[%clk
0:40:47]} 24. Rf2 {[%clk 0:32:57]} Rbf8 {[%clk 0:23:00]} 25. Rbf1 {[%clk
0:32:34]} Be5 {[%clk 0:22:39]} 26. Qe4 {[%clk 0:18:58]} Qc8 {[%clk 0:16:13]} 27.
Ne2 {[%clk 0:17:01]} e6 {[%clk 0:15:09]} 28. Qc6 {[%clk 0:13:35]} Qd8 {[%clk
0:10:49]} 29. f4 {[%clk 0:12:30]} Bg7 {[%clk 0:10:11]} 30. Ng3 {[%clk 0:11:28]}
R5f7 {[%clk 0:10:34]} 31. Rd1 {[%clk 0:07:24]} e5 {[%clk 0:05:26]} 32. Rxd6
{[%clk 0:07:28]} Qb8 {[%clk 0:05:29]} 33. f5 {[%clk 0:06:49]} Rxf5 {[%clk
0:03:03]} 34. Nxf5 {[%clk 0:07:12]} gxf5 {[%clk 0:03:29]} 35. Rd7 {[%clk
0:05:09]} Ne8 {[%clk 0:03:45]} 36. Bxc5 {[%clk 0:05:15]} Rg8 {[%clk 0:04:08]} 37.
Qh6# {[%clk 0:05:29]} 1-0